| 000 | 00713cam a2200229 a 4500 | ||
|---|---|---|---|
| 001 | 2543075 | ||
| 005 | 20180312092451.0 | ||
| 008 | 940916s1995 njuab b 001 0 eng | ||
| 010 | _a 94035681 | ||
| 020 | _a0131254855 (pbk.) | ||
| 040 |
_aDLC _cDLC _dDLC |
||
| 041 | _aeng | ||
| 080 | _a573.2 LOR | ||
| 082 | 0 | 0 |
_a573.2 LOR _220 |
| 100 | 1 | _a11 | |
| 101 | _aBIO | ||
| 245 | 1 | 4 |
_aThe stages of human evolution / _cC. Loring Brace. |
| 504 | _aIncludes bibliographical references (p. 305-358) and index. | ||
| 906 |
_a7 _bcbc _corignew _d1 _eocip _f19 _gy-gencatlg |
||
| 942 |
_2ddc _cBK |
||
| 999 |
_c44771 _d44771 |
||